000 00758nam a2200265Ia 4500
003 OSt
005 20220912150116.0
006 a|||||r|||| 00| 0
007 ta
008 220909b |||||||| |||| 00| 0 eng d
024 _a54475
037 _cReference Collections
040 _aCSL
_beng
_cCSL
041 _aeng
082 _aE5:218, dK5 RR
100 _aCoulson C A
245 0 _aDictionary of II-Electron calculations
260 _aSan Francisco
_b W H Freeman
_c1965
300 _axxx,358p.
_ccm.
650 _a Molecular structure
650 _aOrganic compounds
700 _a Steritwieser A
942 _hE5:218, dK5 RR
_cREF
_2CC
999 _c39756
_d39756